| 000 | 01579nam a2200313 4500 | ||
|---|---|---|---|
| 001 | 114533 | ||
| 003 | DR-UNIBE | ||
| 005 | 20260327090312.0 | ||
| 008 | 260327b2026 dr ||||| |||| 00| 1 spa d | ||
| 020 | _a9789945224863 | ||
| 040 |
_aBIBLIOTECA UNIBE _bspa _cBIBLIOTECA UNIBE _eRDA |
||
| 041 | _aspa | ||
| 090 | _aFBIU-EB PI R175v | ||
| 100 | 1 | 0 |
_aRamos Miranda, Evelyn _9194067 _eautor |
| 245 | 1 | 0 |
_aVoces de mi patria / Evelyn Ramos Miranda; corrección de estilo: Elena Ramos; ilustraciones, diagramación y cubierta: Frank Figueroa Malvar; colaboración: Venus Arthemys Azul Ramos Ureña ; prólogos: Luisa Navarro, Juan Colón, Elena Ramos, _c Evelyn Ramos Miranda; corrección de estilo: Elena Ramos; ilustraciones, diagramación y cubierta: Frank Figueroa Malvar; colaboración: Venus Arthemys Azul Ramos Ureña |
| 250 | _aPrimera edición | ||
| 260 |
_aSanto Domingo : _bEditora Búho, _c2026 |
||
| 300 |
_a34 páginas : _bilustraciones a color ; _c27 x 21 cm |
||
| 653 | 0 | 7 | _aRepública Dominicana - Poesías infantiles |
| 653 | 0 | 7 | _aRepública Dominicana - Poesías juveniles |
| 653 | 0 | 7 | _aLiteratura infantil dominicana |
| 653 | 0 | 7 | _aLiteratura juvenil dominicana |
| 700 | 1 | 0 |
_aRamos, Elena _9194068 _ecorrector de estilo _eprologuista |
| 700 | 1 | 0 |
_aFigueroa Malvar, Frank _9194069 _ediseñador de portada e interiores _ediseñador de ilustraciones _ediagramador |
| 700 | 1 | 0 |
_aUreña Ramos, Venus Arthemys Azul _9194072 _ecolaborador |
| 700 | 1 | 0 |
_aNavarro, Luisa, _d1955- _928183 _eprologuista |
| 700 | 1 | 0 |
_aColón, Juan _9203894 _eprologuista |
| 942 |
_2ddc _cBK |
||
| 999 |
_c114533 _d114533 |
||